The 11th symposium on international economic and business cooperation program and working papers

Đã lưu trong:
书目详细资料
格式: 图书
语言:Undetermined
出版: Tokyo Yomuri International Economic Society 1981
主题:
标签: 添加标签
没有标签, 成为第一个标记此记录!
Thư viện lưu trữ: Trung tâm Học liệu Trường Đại học Cần Thơ
LEADER 00509nam a2200157Ia 4500
001 CTU_96798
008 210402s9999 xx 000 0 und d
082 |a 337.19 
082 |b E51 
245 4 |a The 11th symposium on international economic and business cooperation program and working papers 
260 |a Tokyo 
260 |b Yomuri International Economic Society 
260 |c 1981 
650 |a International economic relations 
904 |i M.Loan 
980 |a Trung tâm Học liệu Trường Đại học Cần Thơ